000 00335nam a22001457a 4500
003 OSt
005 20160727222406.0
008 160624b xxu||||| |||| 00| 0 eng d
040 _cTEST
100 _9859
_aJohnson, L
245 _aFriends Who Nees Them?
260 _aAM
_bS.P
_c1988
300 _aFriends Who Nees Them?
942 _2ddc
_cBK
999 _c682
_d682